| 000 | 00613nam a2200193 a 4500 | ||
|---|---|---|---|
| 001 | 686 | ||
| 003 | CDMR | ||
| 005 | 20131210125401.0 | ||
| 008 | 130130s1979||||||||||||||||||||||||||||d | ||
| 040 |
_aCDMR _bcat _cCDMR |
||
| 100 | 1 |
_9527 _aGonzález Manet, Enrique _d1928- |
|
| 245 | 1 | 0 |
_aDescolonización de la información _cpor Enrique González Manet, Unión de Periodistas de Cuba |
| 260 |
_aPraga _c1979 _bOrganización Internacional de Periodistas |
||
| 300 | _a124 p. | ||
| 650 | 0 | 4 |
_94434 _aPoder (Ciències socials) |
| 650 | 0 | 4 |
_93832 _aNord i Sud |
| 650 | 0 | 4 |
_92190 _aComunicació internacional |
| 942 |
_cMON _2udc |
||
| 999 |
_c686 _d686 |
||